000 00748nam a22001577a 4500
020 _a9567397139
080 _a342.722/ 733 D 631
245 _aDiscriminacion e Interes Publico
260 _aChile:
_bEscuela de Derecho. Universidad Diego Portales
_c2001
300 _a265 P.
490 _aPublicaciones Especiales
_v12
650 _xdiscapacidad
_xdiscurso antiinmigracion
_xinteres publico
_xperspectiva de genero
_xlibertad sindical
_xderecho a la educacion
_xdiscriminacion
_xmarginacion escolar
_xconductas discriminatorias
700 _aCasas,Lidia
_eCisternas, Maria Soledad
_eCorrea, Jorge
_eCourtis, Corina
_eEstremadoyro, Julieta
_eKweitel, Juana
_eLongo, Fernanda
_eVillavicencio, Alfredo
_eWilhelm, Karina
945 _acd
_d2026-03-11
999 _c5557
_d236061
942 _6_